| 000 | 00451nam a2200181Ia 4500 | ||
|---|---|---|---|
| 001 | 8464 | ||
| 005 | 20260306160611.0 | ||
| 008 | 260306t2006||||xx |||||||||||||| ||spa|| | ||
| 041 | _aESP | ||
| 082 |
_a371.1 _bB149 |
||
| 100 |
_aBixio, Cecilia _eAUT |
||
| 245 | 0 |
_aCómo planificar y evaluar en el aula: _bpropuestas y ejemplos |
|
| 260 | _c2006 | ||
| 300 |
_a148 páginas : _c22 cm. |
||
| 650 | _aGEN | ||
| 654 | _aCED | ||
| 942 |
_cLIB _dJUS _fJUS _2ddc _n |
||
| 999 |
_c8464 _d8464 |
||